[Event "3o Piacenza Chess Festival - Open B"]
[Site "Piacenza ITA"]
[Date "2025.10.26"]
[Round "5.18"]
[White "TORRICELLI, Lorenzo"]
[Black "VENDRAMINI, Ivano"]
[Result "1-0"]
[WhiteElo "1652"]
[BlackElo "1714"]
[PlyCount "99"]
[EventDate "2025.10.24"]

1. d4 Nf6 2. c4 e6 3. Nc3 b6 4. e4 d6 5. Nf3 Bb7 6. Bd3 Be7 7. O-O O-O 8. Qc2
Nc6 9. e5 dxe5 10. dxe5 Nb4 11. Qb1 Qxd3 12. Qxd3 Nxd3 13. exf6 Bxf6 14. Rd1
Nxc1 15. Raxc1 Rfd8 16. Kf1 c5 17. Ke2 a6 18. g3 Kf8 19. Nd2 Ke7 20. b3 g6 21.
Nce4 Bg7 22. f4 Rd4 23. Ke3 Rad8 24. Nf2 e5 25. Nf3 Bxf3 26. Rxd4 exd4+ 27.
Kxf3 f5 28. Re1+ Kd7 29. Nd3 Re8 30. Ne5+ Kc7 31. a4 Bf6 32. h4 Re7 33. Re2 Kd6
34. Nd3 Rxe2 35. Kxe2 h6 36. Kf3 g5 37. h5 gxf4 38. gxf4 b5 39. cxb5 axb5 40.
axb5 Be7 41. Ne5 Kc7 42. Nc4 Bf6 43. Ne5 Be7 44. Nc4 Bf8 45. Ke2 Bd6 46. Kf3
Kd7 47. Ne5+ Ke6 48. b6 Ke7 49. b7 Kd8 50. Nf7+ 1-0

[Event "3o Piacenza Chess Festival - Open B"]
[Site "Piacenza ITA"]
[Date "2025.10.26"]
[Round "5.19"]
[White "ARMANI, Dong Hao Paolo"]
[Black "NUNNARI, Massimo"]
[Result "0-1"]
[WhiteElo "1699"]
[BlackElo "1893"]
[PlyCount "84"]
[EventDate "2025.10.24"]

1. d4 Nf6 2. c4 c5 3. d5 b5 4. cxb5 a6 5. bxa6 g6 6. Nc3 Bxa6 7. e4 Bxf1 8.
Kxf1 d6 9. g3 Bg7 10. Qe2 O-O 11. a4 Nbd7 12. Kg2 Nb6 13. Ra3 Ra7 14. Nf3 Qa8
15. b3 Rc8 16. Nb5 Rb7 17. Be3 Ng4 18. Rc1 Nxe3+ 19. fxe3 Qa5 20. Ne1 Qb4 21.
Nc2 Qxe4+ 22. Qf3 Qxf3+ 23. Kxf3 Bb2 24. Rd1 Bxa3 25. Ncxa3 c4 26. a5 Nd7 27.
a6 Rb6 28. a7 Ra6 29. Rc1 c3 30. Nc4 Ne5+ 31. Nxe5 dxe5 32. Ke4 Rc5 33. Rxc3
Rxc3 34. Nxc3 Rxa7 35. b4 Ra3 36. Kd3 Kf8 37. Kc4 Ke8 38. e4 Kd7 39. h4 f5 40.
b5 f4 41. b6 fxg3 42. b7 Kc7 0-1

[Event "3o Piacenza Chess Festival - Open B"]
[Site "Piacenza ITA"]
[Date "2025.10.26"]
[Round "6.1"]
[White "DE MAUPEOU D`ABLEIGES, Alexandre"]
[Black "SERBAN, Sara Annamaria"]
[Result "1-0"]
[WhiteElo "1911"]
[BlackElo "1801"]
[PlyCount "79"]
[EventDate "2025.10.24"]

1. e4 e5 2. Bc4 Nc6 3. Nc3 Nf6 4. d3 h6 5. f4 exf4 6. Bxf4 d6 7. Nf3 Bg4 8. d4
Be7 9. Qd3 Bxf3 10. gxf3 Nh5 11. Be3 Bh4+ 12. Kd2 Bg5 13. Bb5 a6 14. Ba4 Kf8
15. Raf1 Bxe3+ 16. Qxe3 b5 17. Bb3 Na5 18. Kc1 Nxb3+ 19. axb3 c6 20. e5 dxe5
21. dxe5 Qe7 22. f4 g5 23. f5 Nf4 24. Rhg1 Re8 25. Re1 Qd7 26. Qe4 Qc7 27. h4
Rg8 28. hxg5 hxg5 29. Rh1 f6 30. e6 Kg7 31. Ne2 Nxe2+ 32. Rxe2 Rh8 33. Rd1 Re7
34. Kb1 Rh4 35. Qd3 Qc8 36. Qd6 Kf8 37. Rh2 Qc7 38. Rxh4 gxh4 39. Qd4 Qe5 40.
Qxh4 1-0

[Event "3o Piacenza Chess Festival - Open B"]
[Site "Piacenza ITA"]
[Date "2025.10.26"]
[Round "6.2"]
[White "AULEHLA, Jacopo"]
[Black "AVETISYAN, Mark"]
[Result "1/2-1/2"]
[WhiteElo "1815"]
[BlackElo "1800"]
[PlyCount "166"]
[EventDate "2025.10.24"]

1. Nf3 d5 2. c4 c6 3. g3 Nf6 4. Bg2 Bf5 5. O-O h6 6. Qb3 Qc7 7. d3 e6 8. Bf4
Qc8 9. Nc3 Be7 10. Rac1 dxc4 11. Qxc4 a6 12. a4 Nbd7 13. a5 O-O 14. Nd4 Bh7 15.
Nf3 Nd5 16. Bd2 Qd8 17. Ra1 Nxc3 18. Bxc3 Bf6 19. Bxf6 Nxf6 20. b4 Qd5 21. Nd2
Qd6 22. Qc5 Qd7 23. Nc4 Rad8 24. Nb6 Qd4 25. Rac1 Qxc5 26. bxc5 Rd4 27. Rb1
Rfd8 28. Rb2 Ne8 29. Nc4 R8d7 30. Ne5 Re7 31. Rfb1 f6 32. Nf3 Rdd7 33. Nd2 Bg6
34. Nc4 e5 35. Bh3 Rc7 36. Nd6 Kf8 37. Rxb7 Rxb7 38. Rxb7 Nxd6 39. Rxe7 Kxe7
40. cxd6+ Kxd6 41. Bc8 Kc5 42. Bxa6 Kb4 43. Bb7 Kxa5 44. Bxc6 Kb6 45. Bg2 Kc5
46. Kf1 Kd4 47. Ke1 Bf5 48. Kd2 Bg6 49. e3+ Kc5 50. Kc3 Bf7 51. f4 Be6 52. d4+
exd4+ 53. exd4+ Kd6 54. Be4 g5 55. f5 Bf7 56. g4 Ba2 57. Kb4 Bf7 58. Kb5 Bb3
59. Bf3 Bf7 60. Kb6 Bc4 61. Kb7 Kd7 62. Bc6+ Kd8 63. d5 Be2 64. h3 Bf1 65. d6
Bxh3 66. Bf3 Kd7 67. Be2 Kxd6 68. Kc8 Ke5 69. Kd8 Bg2 70. Ke7 Be4 71. Kf7 Bxf5
72. gxf5 Kxf5 73. Kg7 g4 74. Kxh6 g3 75. Bf1 Kg4 76. Kg6 f5 77. Be2+ Kf4 78.
Bf1 Ke4 79. Bg2+ Kf4 80. Kh5 Ke3 81. Kg5 f4 82. Kg4 Kf2 83. Bf3 g2 1/2-1/2

[Event "3o Piacenza Chess Festival - Open B"]
[Site "Piacenza ITA"]
[Date "2025.10.26"]
[Round "6.3"]
[White "GRASSO, Gaetano"]
[Black "DILENA, Giuseppe"]
[Result "0-1"]
[WhiteElo "1989"]
[BlackElo "1906"]
[PlyCount "80"]
[EventDate "2025.10.24"]

1. e4 c5 2. Nf3 d6 3. b4 cxb4 4. d4 Nf6 5. Bd3 g6 6. a3 bxa3 7. Nxa3 Bg7 8. O-O
O-O 9. c3 Re8 10. Nc4 Nxe4 11. Bxe4 d5 12. Bxd5 Qxd5 13. Nb6 axb6 14. Rxa8 Nc6
15. Be3 Rd8 16. Qb1 b5 17. Qa2 Qxa2 18. Rxa2 Be6 19. Rb2 Bc4 20. Re1 e5 21. Rd2
e4 22. d5 Rxd5 23. Rxd5 Bxd5 24. Nd4 Bxd4 25. cxd4 b4 26. Rb1 b3 27. Kf1 Nb4
28. Bd2 Nd3 29. Bc3 Bc4 30. Ke2 f5 31. g3 Kf7 32. Ke3 Ke6 33. f3 Kd5 34. fxe4+
fxe4 35. h4 h5 36. Bb2 Bb5 37. Ba3 Ba4 38. Bb2 Nxb2 39. Rxb2 Kc4 40. d5 Kc3 0-1

[Event "3o Piacenza Chess Festival - Open B"]
[Site "Piacenza ITA"]
[Date "2025.10.26"]
[Round "6.4"]
[White "DE SIMONE, Alessandro"]
[Black "RIZZI, Giacomo"]
[Result "1-0"]
[WhiteElo "1748"]
[BlackElo "1673"]
[PlyCount "89"]
[EventDate "2025.10.24"]

1. d4 c5 2. d5 e5 3. c4 d6 4. Nc3 Be7 5. e4 Bg5 6. Be2 Bxc1 7. Rxc1 Ne7 8. h4
O-O 9. h5 f5 10. Nf3 Nd7 11. h6 g6 12. Ng5 Qa5 13. O-O Nf6 14. Ne6 Bd7 15. f4
Rf7 16. Ng5 Rff8 17. fxe5 dxe5 18. Nf3 Ng4 19. d6 Nc6 20. Qd5+ Kh8 21. Nd1 Nf6
22. Qd2 Qxd2 23. Nxd2 Nd4 24. Nc3 fxe4 25. Rfe1 Bf5 26. Bd1 Rfe8 27. Ndxe4 Nxe4
28. Nxe4 Bxe4 29. Rxe4 Rad8 30. Ba4 Nc6 31. Bxc6 bxc6 32. Rce1 Rxd6 33. Rxe5
Rxe5 34. Rxe5 Kg8 35. Re8+ Kf7 36. Rh8 g5 37. Rxh7+ Kg6 38. Rxa7 Kxh6 39. Ra5
g4 40. Kh2 Kg5 41. Rxc5+ Kf4 42. g3+ Ke4 43. Ra5 Kf3 44. Rf5+ Ke4 45. Rf4+ 1-0

[Event "3o Piacenza Chess Festival - Open B"]
[Site "Piacenza ITA"]
[Date "2025.10.26"]
[Round "6.6"]
[White "D'ANGELO, Giovanni"]
[Black "CALVIGIONI, Matteo"]
[Result "0-1"]
[WhiteElo "1885"]
[BlackElo "1805"]
[PlyCount "93"]
[EventDate "2025.10.24"]

1. Nf3 b6 2. e4 Bb7 3. Nc3 e6 4. d4 Bb4 5. Bd3 Nf6 6. e5 Ne4 7. Bxe4 Bxe4 8.
O-O Bb7 9. Ng5 h5 10. Nge4 Bxc3 11. Nxc3 d6 12. Re1 Nd7 13. exd6 Nf6 14. d5
Qxd6 15. Nb5 Qd7 16. c4 Nxd5 17. cxd5 Qxb5 18. dxe6 fxe6 19. Qc2 O-O-O 20. Bf4
Rd7 21. Rac1 Qd5 22. f3 Qd4+ 23. Be3 Qd3 24. Qa4 Qa6 25. Qb3 Bd5 26. Qc3 Qb7
27. Qe5 c6 28. Bf4 Rf8 29. Bg3 Rf5 30. Qe3 g5 31. Be5 Rdf7 32. b4 g4 33. f4 Qa6
34. a3 h4 35. Red1 Qb5 36. Qd2 g3 37. h3 Rxe5 38. fxe5 Rf2 39. Qd3 Rxg2+ 40.
Kf1 Qxd3+ 41. Rxd3 Rh2 42. Rdd1 Rxh3 43. Ke2 Rh2+ 44. Ke3 Ra2 45. b5 Rxa3+ 46.
Kf4 c5 47. Kg4 0-1

[Event "3o Piacenza Chess Festival - Open B"]
[Site "Piacenza ITA"]
[Date "2025.10.26"]
[Round "6.7"]
[White "MRAD, Anahid"]
[Black "DI MAULO, Alessandra"]
[Result "1/2-1/2"]
[WhiteElo "1812"]
[BlackElo "1829"]
[PlyCount "117"]
[EventDate "2025.10.24"]

1. e4 e5 2. Nf3 Nc6 3. Bc4 Bc5 4. c3 Nf6 5. d4 exd4 6. e5 d5 7. Bb5 Ne4 8. cxd4
Bb4+ 9. Nbd2 Bd7 10. O-O Bxd2 11. Bxd2 O-O 12. Be3 a6 13. Bd3 Bf5 14. a3 f6 15.
h3 Qd7 16. Kh2 Rae8 17. exf6 Nxf6 18. Bf4 Bxd3 19. Qxd3 Ne4 20. Bg3 Nxg3 21.
fxg3 h6 22. Rae1 Rxe1 23. Rxe1 Re8 24. Rxe8+ Qxe8 25. Qb3 Qe4 26. Qxb7 Nxd4 27.
Nd2 Qe3 28. Qxd5+ Kh7 29. Qe4+ Qxe4 30. Nxe4 Kg6 31. Nc5 a5 32. g4 Kf6 33. Nd3
Nb3 34. Kg3 Nd2 35. Kf4 Ke6 36. Ke3 Nb3 37. Nf4+ Ke5 38. Ng6+ Kd5 39. Ne7+ Kc4
40. Nc6 a4 41. Ne5+ Kd5 42. Nd3 Na5 43. Nb4+ Kc4 44. Na6 c5 45. Ke4 Nb7 46. Kf5
Kb3 47. Kg6 Kxb2 48. Kxg7 Kxa3 49. Kxh6 Kb2 50. g5 a3 51. g6 a2 52. Nxc5 Nxc5
53. g7 a1=Q 54. g8=Q Qc1+ 55. Qg5 Qc4 56. Qd2+ Kb3 57. Qd1+ Kb2 58. Qd2+ Kb3
59. Qd1+ 1/2-1/2

[Event "3o Piacenza Chess Festival - Open B"]
[Site "Piacenza ITA"]
[Date "2025.10.26"]
[Round "6.8"]
[White "SARGSYAN, Mher"]
[Black "LOSI, Paolo"]
[Result "1-0"]
[WhiteElo "1813"]
[BlackElo "1703"]
[PlyCount "77"]
[EventDate "2025.10.24"]

1. d4 d5 2. Nf3 Nf6 3. e3 Bf5 4. Bd3 Bxd3 5. Qxd3 e6 6. Qb5+ Nbd7 7. Qxb7 Qb8
8. Qc6 Be7 9. Ne5 Qc8 10. c4 dxc4 11. Nxd7 Nxd7 12. O-O O-O 13. Nd2 Nb6 14.
Nxc4 Nxc4 15. Qxc4 c5 16. dxc5 Qxc5 17. Qxc5 Bxc5 18. Bd2 Rab8 19. b3 Ba3 20.
Bc1 Bb4 21. Bb2 a5 22. Rac1 Rfd8 23. Rfd1 Be7 24. Rxd8+ Bxd8 25. Rc4 Kf8 26.
Kf1 f6 27. Ke2 Be7 28. Bc3 Bb4 29. Kd3 Bd6 30. Bxa5 Ra8 31. b4 g5 32. h3 h5 33.
a4 f5 34. Kc2 f4 35. Kb3 Ke7 36. Bc7 fxe3 37. fxe3 Rf8 38. Bxd6+ Kxd6 39. b5
1-0

[Event "3o Piacenza Chess Festival - Open B"]
[Site "Piacenza ITA"]
[Date "2025.10.26"]
[Round "6.9"]
[White "DECARLI, Giuseppe"]
[Black "D'AGOSTINO, Maurizio"]
[Result "0-1"]
[WhiteElo "1748"]
[BlackElo "1894"]
[PlyCount "70"]
[EventDate "2025.10.24"]

1. e4 c5 2. Nc3 Nc6 3. Nge2 e5 4. Ng3 g6 5. a3 Bg7 6. Bc4 Nge7 7. d3 h6 8. O-O
O-O 9. f4 exf4 10. Bxf4 Ne5 11. Ba2 d6 12. Qd2 g5 13. Be3 Ng4 14. Kh1 Nxe3 15.
Qxe3 Be6 16. Bxe6 fxe6 17. Rxf8+ Qxf8 18. Rf1 Qe8 19. Qf3 Qg6 20. Qg4 Bxc3 21.
bxc3 Rf8 22. Rxf8+ Kxf8 23. Nh5 Qf7 24. Qf3 Nc6 25. Qf6 Qxf6 26. Nxf6 Kf7 27.
Ng4 h5 28. Ne3 b5 29. Kg1 a5 30. Kf2 Kf6 31. g3 a4 32. Nd1 b4 33. cxb4 cxb4 34.
Ke2 bxa3 35. Nc3 Nb4 0-1

[Event "3o Piacenza Chess Festival - Open B"]
[Site "Piacenza ITA"]
[Date "2025.10.26"]
[Round "6.11"]
[White "KOSAKOWSKI, Szymon"]
[Black "ROMEO, Giovanni Maria"]
[Result "0-1"]
[WhiteElo "1761"]
[BlackElo "1801"]
[PlyCount "120"]
[EventDate "2025.10.24"]

1. Nf3 Nf6 2. g3 d5 3. Bg2 c6 4. O-O g6 5. d4 Bg7 6. c4 O-O 7. Nc3 dxc4 8. Ne5
Ng4 9. Nf3 Na6 10. e4 e5 11. d5 cxd5 12. Nxd5 Nc5 13. Qc2 b5 14. b3 Bb7 15.
bxc4 bxc4 16. Nd2 Rc8 17. Qxc4 Ba6 18. Qb4 Bxf1 19. Bxf1 Nf6 20. Bg2 Nxd5 21.
exd5 Nd3 22. Qa3 Rxc1+ 23. Rxc1 Nxc1 24. Qxc1 Bh6 25. Qc3 Bxd2 26. Qxd2 Qd6 27.
h4 Re8 28. Qd3 f5 29. h5 e4 30. Qd4 Qe5 31. Qxa7 Qxd5 32. h6 Qf7 33. Qd4 Re7
34. Bf1 Rd7 35. Qb4 Qe7 36. Bc4+ Kf8 37. Qb2 Rd1+ 38. Kg2 Ke8 39. Qb5+ Qd7 40.
Qxd7+ Rxd7 41. Bb5 g5 42. Kf1 Ke7 43. Bxd7 Kxd7 44. Ke2 Kd6 45. a4 f4 46. Kd2
Kd5 47. g4 Kc4 48. a5 Kb5 49. Kc3 Kxa5 50. Kd4 e3 51. Kd3 exf2 52. Ke2 Kb5 53.
Kxf2 Kc5 54. Kf3 Kd4 55. Ke2 Ke4 56. Kf2 f3 57. Kg3 Ke3 58. Kh2 Ke2 59. Kh3 f2
60. Kh2 Kf3 0-1

[Event "3o Piacenza Chess Festival - Open B"]
[Site "Piacenza ITA"]
[Date "2025.10.26"]
[Round "6.12"]
[White "SACCHETTI, Andrea"]
[Black "FERRARI, Giuseppe"]
[Result "1-0"]
[WhiteElo "1856"]
[BlackElo "1701"]
[PlyCount "61"]
[EventDate "2025.10.24"]

1. d4 e6 2. c4 d5 3. Nc3 Nf6 4. Bg5 Be7 5. Bxf6 Bxf6 6. cxd5 exd5 7. e3 c6 8.
Bd3 Be6 9. Nge2 Bg4 10. O-O Bxe2 11. Bxe2 O-O 12. Rc1 g6 13. b4 a6 14. a4 b5
15. a5 Qd6 16. Na2 Ra7 17. Rc2 Re8 18. Qd2 Rc7 19. Nc1 Be7 20. Nd3 Qf6 21. Bf3
Rd8 22. Rfc1 Rd6 23. Nc5 Qg7 24. Rd1 f5 25. g3 Nd7 26. Nxa6 Ra7 27. Nc5 Nxc5
28. Rxc5 Rf6 29. Rc2 Qf8 30. Rb1 g5 31. Rxc6 1-0

[Event "3o Piacenza Chess Festival - Open B"]
[Site "Piacenza ITA"]
[Date "2025.10.26"]
[Round "6.13"]
[White "KAMMANN, Thomas"]
[Black "TORRICELLI, Lorenzo"]
[Result "1-0"]
[WhiteElo "1802"]
[BlackElo "1652"]
[PlyCount "109"]
[EventDate "2025.10.24"]

1. e4 c6 2. Nf3 d5 3. exd5 cxd5 4. d4 Nf6 5. c4 Nc6 6. Nc3 Bg4 7. Be3 dxc4 8.
Bxc4 e6 9. d5 exd5 10. Nxd5 Nxd5 11. Qxd5 Qxd5 12. Bxd5 Bb4+ 13. Kf1 O-O 14. h3
Bf5 15. a3 Bd3+ 16. Kg1 Be7 17. Rc1 Bf6 18. Bxc6 bxc6 19. Bd4 Be7 20. Rxc6 Rfd8
21. Be5 Rd5 22. Rc1 f5 23. Kh2 Bc5 24. Bg3 h6 25. h4 Re8 26. Rcd1 Red8 27. Rhe1
Be4 28. Rxd5 Rxd5 29. Rc1 f4 30. Bxf4 Bxf2 31. Nd2 Rh5 32. Bg3 Bxg3+ 33. Kxg3
Bd3 34. Rc3 Rd5 35. Nf3 Be2 36. b4 a5 37. Rc5 Bxf3 38. gxf3 Rxc5 39. bxc5 Kf7
40. Kf4 Ke6 41. Ke4 g6 42. a4 Ke7 43. Ke5 Kd7 44. Kd5 Kc7 45. c6 Kc8 46. Kc5
Kc7 47. Kb5 g5 48. h5 Kc8 49. Kxa5 Kc7 50. Kb5 Kc8 51. Kc5 Kc7 52. a5 Kc8 53.
Kd6 Kd8 54. a6 Kc8 55. a7 1-0

[Event "3o Piacenza Chess Festival - Open B"]
[Site "Piacenza ITA"]
[Date "2025.10.26"]
[Round "6.15"]
[White "FERSINI, Maurizio"]
[Black "OTERI, Aldo"]
[Result "0-1"]
[WhiteElo "1733"]
[BlackElo "1766"]
[PlyCount "50"]
[EventDate "2025.10.24"]

1. c4 f5 2. Nc3 Nf6 3. g3 g6 4. Bg2 Bg7 5. Nf3 O-O 6. O-O d6 7. d4 c5 8. d5 e5
9. dxe6 h6 10. Bf4 Bxe6 11. Bxd6 Re8 12. Bxc5 Qc8 13. Be3 Bxc4 14. Qc2 Ng4 15.
Bd4 Bxe2 16. Rfe1 Bxf3 17. Bxf3 Bxd4 18. Rxe8+ Qxe8 19. Bxb7 Nc6 20. Qb3+ Kg7
21. Bxa8 Bxf2+ 22. Kh1 Qxa8 23. Qd5 Qe8 24. h3 Nf6 25. Kg2 Nxd5 0-1

[Event "3o Piacenza Chess Festival - Open B"]
[Site "Piacenza ITA"]
[Date "2025.10.26"]
[Round "6.16"]
[White "TAGLIAFERRI, Valerio"]
[Black "NUNNARI, Massimo"]
[Result "1/2-1/2"]
[WhiteElo "1749"]
[BlackElo "1893"]
[PlyCount "70"]
[EventDate "2025.10.24"]

1. e4 e5 2. Nf3 Nc6 3. Bb5 a6 4. Ba4 Nf6 5. d3 d6 6. c3 Bd7 7. O-O Be7 8. Re1
h6 9. Nbd2 O-O 10. Nf1 Re8 11. Ng3 Bf8 12. h3 g6 13. b4 Bg7 14. Be3 d5 15. a3
a5 16. Bc2 b6 17. b5 Na7 18. a4 Nc8 19. Qe2 dxe4 20. dxe4 Nd6 21. Rad1 Qe7 22.
Bc1 Nb7 23. Bb2 Rad8 24. c4 Nh7 25. Nf1 Ng5 26. Nxg5 Qxg5 27. Qe3 Qf6 28. Ba3
Qf4 29. Bb3 Bf8 30. Bc1 Qf6 31. Qe2 Nc5 32. Bc2 Ne6 33. Be3 Bc8 34. Rxd8 Rxd8
35. Rd1 Nd4 1/2-1/2

[Event "3o Piacenza Chess Festival - Open B"]
[Site "Piacenza ITA"]
[Date "2025.10.26"]
[Round "6.17"]
[White "COMINELLI, Mario"]
[Black "CANOSSA, Elena"]
[Result "0-1"]
[WhiteElo "1666"]
[BlackElo "1760"]
[PlyCount "110"]
[EventDate "2025.10.24"]

1. e4 c6 2. d4 d5 3. exd5 cxd5 4. c4 Nf6 5. Nc3 Nc6 6. Nf3 Bg4 7. cxd5 Nxd5 8.
Bc4 Bxf3 9. Qxf3 e6 10. Be3 Bb4 11. Rc1 O-O 12. O-O Nxc3 13. bxc3 Bd6 14. Bd3
f5 15. d5 Ne5 16. Qe2 exd5 17. Bd4 Nxd3 18. Qxd3 Qc7 19. g3 Qc4 20. Qxc4 dxc4
21. Rcd1 Be7 22. Rfe1 Bf6 23. Bxf6 Rxf6 24. Re7 Rf7 25. Rde1 g6 26. Re8+ Rxe8
27. Rxe8+ Kg7 28. Rc8 b5 29. Rb8 a6 30. Kg2 Ra7 31. f4 Rd7 32. a4 bxa4 33. Rb2
Rd3 34. Ra2 Rxc3 35. Rxa4 Rc2+ 36. Kh3 c3 37. Rxa6 Re2 38. Rc6 c2 39. Rc5 Kf6
40. Rc6+ Ke7 41. Rc3 Kd6 42. Rc8 Kd5 43. Rd8+ Ke4 44. Rc8 Kf3 45. Rc3+ Kf2 46.
Kh4 Ke1 47. h3 Kd2 48. Rxc2+ Kxc2 49. Kg5 Re7 50. Kf6 Ra7 51. g4 fxg4 52. hxg4
h5 53. gxh5 gxh5 54. Kg5 Ra5+ 55. Kh4 Rf5 0-1